01499 a2200217 45000010006000000050017000060080041000230030015000640400040000790800039001192450042001580200018002002640038002183000019002565050827002750410008011021000030011107000017011407000025011578560099011824490720260407155724.0260407a1984 arg spa dAR-UNSa-BCEJYS aAR-UNSa-BCEJYSbspacAR-UNSa-BCEJYS a331.101.26xEconomía del trabajo10aEconomía del trabajo y los salarios a84-206-8085-0 1aMadrid :bAlianza Editorialc1984 a462 p.c23 cm. a1. La actividad económica – 2. Las horas de trabajo y la oferta de esfuerzo – 3. La oferta de cualificaciones: La inversión en capital humano – 4. L a demanda de trabajo en los mercados competitivos – 5. La demanda de trabajo: Algunas extensiones – 6. El análisis conjunto de la oferta y la demanda: El proceso de búsqueda – 7. Migración y movilidad – 8. L a estructura del empleo. Las vacantes y el desempleo – 9. Los sindicatos: Crecimiento y objetivos – 10. Los métodos de los sindicatos: El proceso de negociación – 11. Influencia de los sindicatos en los mercados de trabajo – 12. Diferencias compensatorias y beneficios sociales – 13. La discriminación salarial – 14. La distribución de las ganancias y la renta – 15. Los salarios. La inflación y el ciclo económico aspa1 aRabasco Espáriz, Esther1 aRees, Albert1 aHamermesh, Daniel S.41uhttps://www.biblioeco.unsa.edu.ar/pmb/images/libros/L127031.jpgyImagen de portadaqimage/jpeg